000 01090cab a2200313 4500
001 ABS53236
008 090401t1995 xxu||||| |||| 00| 0 eng d
035 _a(Sirsi) u2830
041 _aeng
245 _aHistoric buildings
260 _c1995
350 _a0
490 _aBuilding Services
_v17(7) July 1995, 18-27(10)
520 _aDiscusses recent refurbishment projects in historic buildings covering the reopening of the National Trust`s Uppark House, Sutton House in Hackney the oldest building in East London, the change in fire strategy by the Royal Palaces following the Windsor Castle fire and the restoration of Hermonceux Castle.
650 _aFIRE PREVENTION
650 _aMANAGEMENT-HEALTH AND SAFETY-FIRE SAFETY
650 _aHERSTMONCEUX CASTLE
650 _aHISTORIC BUILDINGS
650 _aLISTED BUILDINGS
650 _aNATIONAL TRUST
650 _aROYAL PALACES
650 _aSUTTON HOUSE
650 _aUPPARK HOUSE
650 _aWINDSOR CASTLE
690 _aRefurbishment
_96264
690 _aCONSERVATION
942 _n0
948 _c04/03/1997
999 _c1702
_d1702